Country Endings Blitz Quiz Stats

Quiz Updated May 24, 2015

Challenge
Share
Tweet
Embed
Score 0/32 Timer 03:00
0 Plays Today
Ending Countries % Correct
????
98.3%
????
95.3%
????
95%
????
93.4%
????
93.1%
????
92.7%
????
92.4%
????
92.1%
????
91.7%
????
91%
????
86.7%
????
84.8%
????
83.1%
????
83.1%
????
83%
????
80.1%
Ending Countries % Correct
????
79.5%
????
79.2%
????
78.9%
????
76%
????
75.7%
????
70.9%
????
68.4%
????
65%
????
61.1%
????
57.6%
????
55.8%
????
36.6%
????
31.5%
????
31%
????
21.8%
????
13.1%

You're not logged in!

Compare scores with friends on all Sporcle quizzes.
Join for Free
OR
Log In

You Might Also Like...

Show Comments

Extras

Top Quizzes Today


Score Distribution

Your Account Isn't Verified!

In order to create a playlist on Sporcle, you need to verify the email address you used during registration. Go to your Sporcle Settings to finish the process.

Report this User

Report this user for behavior that violates our Community Guidelines.

Details: